Quelle est (était) la taille de ces personnalités 6 - Statistiques

Statistiques générales
  • Ce quiz a été pris 21 fois
  • Le résultat moyen est 2 sur 20
Statistiques - réponses
Hint Réponse % Correct
Eddy Mitchell 1,82 m
22%
Ronald Reagan 1,85 m
22%
Bruce Toussaint 1,92 m
22%
Isabelle Boulay 1,55 m
17%
Charlie Chaplin 1,63 m
17%
Marie-Claude Pietragalla 1,72 m
17%
Karine Le Marchand 1,74 m
17%
Victor Hugo 1,78 m
17%
Julien Lepers 1,72 m
11%
Frédéric Anton 1,75 m
11%
Stéphane Rotenberg 1,79 m
11%
Amel Bent 1,60 m
6%
Woody Allen 1,65 m
6%
Valérie Bègue 1,74 m
6%
Nagui 1,74 m
6%
Bernard Lavilliers 1,82 m
6%
Pierre Palmade 1,84 m
6%
Francis Cabrel 1,89 m
6%
Gilles Bouleau 1,84 m
0%
Henry Fonda 1,87 m
0%
Aucun quiz correspondant
Distribution des résultats
% des personnes avec chaque résultat
Percentile par nombre de réponses
Votre historique - résultats
Vous n’avez pas pris ce quiz